Concrete technology (Record no. 4023)

000 -LEADER
fixed length control field 00455nam a22001817a 4500
001 - CONTROL NUMBER
control field 4023
003 - CONTROL NUMBER IDENTIFIER
control field BD-DhUET
008 - FIXED-LENGTH DATA ELEMENTS--GENERAL INFORMATION
fixed length control field 141111b xxu||||| |||| 00| 0 eng d
040 ## - CATALOGING SOURCE
Transcribing agency 0
Modifying agency BD-DhUET
082 ## - DEWEY DECIMAL CLASSIFICATION NUMBER
Classification number 620.136
Item number SHE/1982
100 ## - MAIN ENTRY--PERSONAL NAME
Personal name Shetty, M. S.
245 ## - TITLE STATEMENT
Title Concrete technology
Remainder of title theory and practice
250 ## - EDITION STATEMENT
Edition statement 1st ed.
260 ## - PUBLICATION, DISTRIBUTION, ETC. (IMPRINT)
Place of publication, distribution, etc. New Delhi
Name of publisher, distributor, etc. S. Chand
Date of publication, distribution, etc. 1982
300 ## - PHYSICAL DESCRIPTION
Extent xiv, 592p.
Other physical details ill.
650 #0 - SUBJECT ADDED ENTRY--TOPICAL TERM
Topical term or geographic name as entry element Concrete - Engineering
942 ## - ADDED ENTRY ELEMENTS (KOHA)
Koha item type General Book
Holdings
Koha full call number Koha normalized classification for sorting Koha date last seen Location (home branch) Date acquired Piece designation (barcode) Koha issues (times borrowed) Source of classification or shelving scheme Copy number Sublocation or collection (holding branch) Koha collection Not for loan Koha item type Price effective from Koha date last borrowed Withdrawn status Damaged status Shelving location Lost status
620.136/SHE/1982620_000000000000000_136SHE19822014-12-23Central Library, BUET2014-11-11583101 2Central Library, BUET  General Book2014-11-112014-11-11  Circulation section 
620.136/SHE/1982620_000000000000000_136SHE19822017-06-05Central Library, BUET2014-11-16564381 1Central Library, BUET  General Book2014-11-162014-11-16  Circulation section 
620.136/SHE/1982620_136000000000000_SHE_19822016-09-03Central Library, BUET2014-11-18583151 3Central Library, BUET  General Book2014-11-182014-11-18  Circulation section 
620.136/SHE/1982620_000000000000000_136SHE19822016-08-21Central Library, BUET2014-11-26583122 4Central Library, BUET  General Book2014-11-262016-03-05  Circulation section 
620.136/SHE/1982620_136000000000000_SHE_19822015-02-05Central Library, BUET2015-02-0558311  5Central Library, BUETNon Fiction General Book2015-02-05   Circulation section 
620.136/SHE/1982620_136000000000000_SHE_19822015-06-14Central Library, BUET2015-06-1458308  6Central Library, BUET  Reading Item2015-06-14   Reading section 
620.136/SHE/1982620_136000000000000_SHE_19822015-06-15Central Library, BUET2015-06-1558309  7Central Library, BUET  Reading Item2015-06-15   Reading section 
620.136/SHE/1982620_136000000000000_SHE_19822015-06-16Central Library, BUET2015-06-1658313  8Central Library, BUET  Reading Item2015-06-16   Reading section 
620.136/SHE/1982620_136000000000000_SHE_19822015-06-16Central Library, BUET2015-06-1658314  9Central Library, BUET  Reading Item2015-06-16   Reading section 
620.136/SHE/1982620_136000000000000_SHE_19822015-06-20Central Library, BUET2015-06-2058316  10Central Library, BUET  Reading Item2015-06-20   Reading section 
620.136/SHE/1982620_136000000000000_SHE_19822015-06-23Central Library, BUET2015-06-2355327  11Central Library, BUET  Reading Item2015-06-23   Reading section